|
|
|
|
| LEADER |
01781nam a2200397 a 4500 |
| 001 |
000000318 |
| 005 |
20170626142432.0 |
| 008 |
020109s1777 xo e lat |
| FMT |
|
|
|
| 040 |
|
|
|a SVKKK
|b slo
|c SVKKK
|e AACR2
|
| 041 |
0 |
|
|a lat
|
| 044 |
|
|
|a xo
|c SK
|
| 080 |
|
|
|a 80
|
| 080 |
|
|
|a 807.1
|
| 100 |
1 |
|
|a Torsellini, Orazio,
|d 1545-1599
|4 aut
|
| 245 |
1 |
0 |
|a Particulae Latinae Orationis :
|b Ab Horatio Tursellino Collectae, Et A Jacobo Facciolato In Seminario Patavino Studiis Praefecto purgatae, auctaeque.
|
| 260 |
|
|
|a Budae Et Tyrnaviae :
|b Typis Regiae Universitatis,
|c Anno 1777
|
| 300 |
|
|
|a [4],315 s. [2],A/8-T/8,U/6 [=160] list.
|c 8°. 17x11 cm
|
| 500 |
|
|
|a Vinety ornam., vlys ornam., inic. s ornam. pozadím v rámčeku na 4 r., verz. vo voľ. priestore na 2 r., kustódy.
|
| 508 |
|
|
|a Na zl. [2] úvod autora.
|
| 510 |
4 |
|
|a Petrik III/701 [pod Tursellini, H.]; Hanakovič III/1352 [pod Tursellinus, H.]
|
| 561 |
|
|
|a Peč.: Štátna vedecká knižnica v Košiciach; K. K Rechtsakad. Bibliothek In Kaschau; Kassai Kir. Jogakadémia Könyvtára. Tlač. exlibris: Kassai királyi jogakademia Könyvtára Szekrény szám III Osztalyzat a. Rkp.: Regiae Cassoviensis Acad. 1778.
|
| 563 |
|
|
|a Lepenka, modro-červený mramor. papier, chrbát modré plátno.
|
| 653 |
1 |
|
|a filológia
|
| 653 |
1 |
|
|a latinský jazyk
|
| 700 |
1 |
|
|a Facciolati, Jacopo,
|d 1682-1769
|4 lso
|
| 700 |
1 |
|
|a Torsellini, Orazio,
|d 1545-1599
|4 aui
|
| 710 |
0 |
|
|a Tlačiareň Kráľovskej budínskej univerzity - filiálka,
|c Trnava
|d 1777-1798
|4 prt
|
| 710 |
0 |
|
|a knižnice - Knižnica Právnickej akadémie
|c Košice
|4 sgn
|
| 752 |
|
|
|a Slovensko
|d Trnava
|
| 852 |
|
|
|p T 508 PA
|
| 904 |
|
|
|a acf-y----kc------yyyb-1001--
|
| 905 |
|
|
|a dfga0cb
|
| 910 |
|
|
|a svkkk
|
| 998 |
|
|
|a TRNTL
|
| BAS |
|
|
|